Elements of workshop technology / (Record no. 11128)
[ view plain ]
| 000 -LEADER | |
|---|---|
| fixed length control field | 00443cam a2200157ua 4500 |
| 008 - FIXED-LENGTH DATA ELEMENTS--GENERAL INFORMATION | |
| fixed length control field | 250113b |||||||| |||| 00| 0 eng d |
| 041 ## - LANGUAGE CODE | |
| Language code of text/sound track or separate title | eng |
| 082 ## - DEWEY DECIMAL CLASSIFICATION NUMBER | |
| Classification number | 621.9 |
| Item number | HAJ/EL |
| 100 ## - MAIN ENTRY--AUTHOR NAME | |
| Personal name | Hajara Choudhary, S K . |
| 245 ## - TITLE STATEMENT | |
| Title | Elements of workshop technology / |
| 250 ## - EDITION STATEMENT | |
| Edition statement | 9 / |
| 260 ## - PUBLICATION, DISTRIBUTION, ETC. (IMPRINT) | |
| Place of publication | Bombay : |
| Name of publisher | Media promoters and publishers pvt Ltd , |
| Year of publication | 1986. |
| 300 ## - PHYSICAL DESCRIPTION | |
| Number of Pages | 637 ; . |
| 700 1# - ADDED ENTRY--PERSONAL NAME | |
| Personal name | Hajara choudhary, A K . |
| 942 ## - ADDED ENTRY ELEMENTS (KOHA) | |
| Koha item type | Books |
| Withdrawn status | Lost status | Damaged status | Home library | Current library | Date acquired | Source of acquisition | Cost, normal purchase price | Full call number | Accession Number | Koha item type |
|---|---|---|---|---|---|---|---|---|---|---|
| KAUAET | KAUAET | 17/03/1986 | M/S Minerva Book Stall, Thrissur | 38.00 | 621.9 HAJ/EL | 15026 | Books | |||
| KAUAET | KAUAET | 17/03/1986 | M/S Minerva Book Stall, Thrissur | 38.00 | 621.9 HAJ/EL | 15025 | Books | |||
| KAUAET | KAUAET | 13/01/2025 | M/S Minerva Book Stall, Thrissur | 38.00 | 621.9 HAJ/EL | 15027 | Books |
